000 00505nam a22001937a 4500
003 koha_MIRAKIL
005 20231213095959.0
008 231213b |||||||| |||| 00| 0 ||| d
020 _b978-6-05-901810-4
040 _aTR-IsEVY
_btur
_cTR-IsEVY
082 _a843.7 MUS/B
100 _aDe Musset, Alfred.
245 0 _aBir zamane çocuğunun itirafları
260 _bIslık Yayınları,
_c2014
300 _a373 s.
650 _aFransız romanı.
650 _aFrench fiction.
942 _2ddc
_cBK
999 _c12573
_d12573